000 00457nam a2200193Ia 4500
008 151121s9999||||xx |||||||||||||| ||und||
082 _a823/MAU
082 _bHNW-494
100 _aMaurier D। D।
245 _aFrenchmans Creek
260 _bThe Blakiston Co।
260 _c--
300 _a304
600 _aMaurier D। D।
630 _aFrenchmans Creek
700 _aMaurier D। D।
730 _aFrenchmans Creek
942 _cBOOK
999 _c1209996
_d1209993